|
|
|
|
| LEADER |
00960cam a22002533a 4500 |
| 003 |
GR-PaULI |
| 005 |
20210305162818.0 |
| 008 |
080122s1999 f eng |
| 952 |
|
|
|0 0
|1 0
|2 ddc
|4 0
|6 577_880000000000000_EBE
|7 0
|9 13938
|a LISA
|b LISA
|c BSC
|d 2016-04-24
|l 0
|o 577.88 EBE
|p 026000310982
|r 2016-04-24 00:00:00
|v 2016.00
|w 2016-04-24
|y BK15
|
| 999 |
|
|
|c 7275
|d 7275
|
| 020 |
|
|
|a 0122287401
|
| 040 |
|
|
|a GR-PaULI
|b gre
|c GR-PaULI
|d GR-AiPI
|e AACR2
|
| 041 |
0 |
|
|a eng
|
| 082 |
1 |
4 |
|a 577.88
|2 23
|
| 100 |
1 |
|
|a Ebert, Thomas A.
|9 15547
|e συγγραφέας.
|
| 245 |
1 |
0 |
|a Plant and animal populations :
|b methods in demography /
|c Thomas A. Ebert.
|
| 260 |
|
|
|a San Diego :
|b Academic Press,
|c c1999.
|
| 300 |
|
|
|a xiii, 312 σ. ;
|b εικ., πιν. ;
|c 29 εκ.
|
| 650 |
|
4 |
|a Πληθυσμιακή βιολογία.
|9 113007
|
| 650 |
|
4 |
|a Δημογραφία
|9 25346
|
| 650 |
|
4 |
|a Ζώα
|9 55398
|
| 650 |
|
4 |
|a Φυτά
|9 37207
|
| 942 |
|
|
|2 ddc
|c BK15
|
| 998 |
|
|
|c ΒΕΛΛΙΟΥ
|d 2020-10
|